轨交-全国轨道交通1号线标志色 - Statistics

General Stats
  • This quiz has been taken 18 times
  • The average score is 28 of 43
Answer Stats
Picture Hint Answer % Correct
中南 广州
88%
华东 杭州
81%
东北 长春
81%
中南 深圳
81%
东北 大连
81%
中南 武汉
81%
华北 呼和浩特
75%
华北 石家庄
75%
华北 北京
75%
中南 佛山
75%
西北 兰州
75%
西北 西安
75%
西南 成都
75%
西北 乌鲁木齐
75%
西南 重庆
69%
东北 沈阳
69%
西南 贵阳
69%
华东 宁波
69%
中南 洛阳
69%
华东 无锡
63%
华东 徐州
63%
华东 上海
63%
华东 南通
63%
中南 郑州
63%
中南 长沙
63%
东北 哈尔滨
63%
西南 昆明
63%
中南 南宁
63%
华东 苏州
63%
华北 太原
63%
中南 东莞
63%
华东 济南
63%
华东 常州
56%
华东 合肥
56%
华北 天津
56%
华东 滁州
56%
华东 厦门
56%
华东 青岛
56%
华东 南京
56%
华东 南昌
50%
华东 绍兴
50%
华东 福州
44%
华东 芜湖
44%
No matching quizzes found
Score Distribution
Percent of People with Each Score
Percentile by Number Answered
Your Score History
You have not taken this quiz